书目信息 |
| 题名: |
发现孩子
|
|
| 作者: | 李增华 , 卿清涛 , 李卿曦 著 | |
| 分册: | ||
| 出版信息: | 北京 东方出版社 2007.04 |
|
| 页数: | 214页 | |
| 开本: | 23cm | |
| 丛书名: | ||
| 单 册: | ||
| 中图分类: | G78 | |
| 科图分类: | ||
| 主题词: | 家庭教育--jia ting jiao yu | |
| 电子资源: | ||
| ISBN: | 978-7-5060-2752-6 | |
| 000 | 01046nam0 2200253 450 | |
| 001 | 012007040144 | |
| 005 | 20071008161919.71 | |
| 010 | @a978-7-5060-2752-6@dCNY22.00 | |
| 100 | @a20070801d2007 km y0chiy0120 ea | |
| 101 | 0 | @achi |
| 102 | @aCN@b110000 | |
| 105 | @ay z 000yy | |
| 200 | 1 | @a发现孩子@Afa xian hai zi@e全能女孩李卿曦成才解秘@f李卿曦, 李增华, 卿清涛著@Fli qing xi,li zeng hua,qing qing tao zhu |
| 210 | @a北京@c东方出版社@d2007.04 | |
| 215 | @a214页@d23cm | |
| 330 | @a本书分上中下三篇,内容包括天性自有天籁、让上进和思考成为毕生的习惯、女儿教我们找方法等。人在向前走特别是走上坡路的时候,不管心里是否愿意,总是要丢弃一些东西的,有时甚至会被迫扔掉一些很好的东西。对于非丢不可的,就不要再有任何留恋,丢了也就算了。 | |
| 517 | 1 | @a全能女孩李卿曦成才解秘@Aquan neng nu hai li qing xi cheng cai jie mi |
| 606 | 0 | @a家庭教育@Ajia ting jiao yu |
| 690 | @aG78@v4 | |
| 701 | 0 | @a李增华@Ali zeng hua@4著 |
| 701 | 0 | @a卿清涛@Aqing qing tao@4著 |
| 701 | 0 | @a李卿曦@Ali qing xi@4著 |
| 801 | 0 | @aCN@c20071008 |
| 905 | @dG78@eL237 | |
| 发现孩子:全能女孩李卿曦成才解秘/李卿曦, 李增华, 卿清涛著.-北京:东方出版社,2007.04 |
| 214页;23cm |
| ISBN 978-7-5060-2752-6:CNY22.00 |
| 本书分上中下三篇,内容包括天性自有天籁、让上进和思考成为毕生的习惯、女儿教我们找方法等。人在向前走特别是走上坡路的时候,不管心里是否愿意,总是要丢弃一些东西的,有时甚至会被迫扔掉一些很好的东西。对于非丢不可的,就不要再有任何留恋,丢了也就算了。 |
| ● |
| 相关链接 |
|
|
|
正题名:发现孩子
索取号:G78/L237
 
预约/预借
| 序号 | 登录号 | 条形码 | 馆藏地/架位号 | 状态 | 备注 |
| 1 | 251508 | 202515082 | 社科库409/409社科库 17排2列1层/ [索取号:G78/L237] | 在馆 | |
| 2 | 251509 | 202515091 | 社科库409/409社科库 17排2列1层/ [索取号:G78/L237] | 在馆 |